| 000 | 01198nam a22003017a 4500 | ||
|---|---|---|---|
| 999 |
_c15341 _d15341 |
||
| 003 | EG-ScBUE | ||
| 005 | 20210205131616.0 | ||
| 008 | 110519s2011 ua f 000 0 ara d | ||
| 017 | _a2010/20398 | ||
| 020 | _a9789770922305 | ||
| 040 |
_aEG-ScBUE _bara _erda _cEG-ScBUE _dEG-ScBUE |
||
| 043 | _af-ua--- | ||
| 082 | 0 | 4 |
_a320.962055 _bأ س و _222 |
| 100 | 1 |
_921707 _aالأسواني، علاء، _d1957- _eمؤلف. |
|
| 245 | 1 | 0 |
_aمصر على دكة الاحتياطي / _cعلاء الأسواني. |
| 246 | 3 | 4 |
_aمصر على دكة الاحتياطي : _bمقالات علاء الأسواني 3 |
| 250 | _aالطبعة الثانية. | ||
| 264 | 1 |
_aالقاهرة، مصر : _bدار الشروق، _c2011. |
|
| 300 |
_a376 صفحة ؛ _c24 سم |
||
| 336 |
_2rdacontent _aنص _btxt |
||
| 337 |
_2rdamedia _aبدون وسيط _bn |
||
| 338 |
_2rdacarrier _aمجلد _bnc |
||
| 651 |
_913710 _aمصر _xأحوال سياسية _vمقالات و محاضرات. _2BUEsh |
||
| 651 |
_921463 _aمصر _xأحوال سياسية _yالعصر الحديث _yحسني مبارك (1981-2011) _2BUEsh |
||
| 653 |
_cMay2011 _bBUSBOL |
||
| 655 |
_vReading book _934232 |
||
| 942 |
_2ddc _cBB |
||